01602nam a2200361 a 4500001001000000003000500010005001700015008004100032010001100073011001100084040000900095090001000104100004100114245019900155260004100354500006000395502010600455590004000561590004000601590004000641650002100681650003700702650002800739650003900767700004600806856007000852901000700922942001000929942000600939999001900945952013600964952014001100000111952CHAP20220329144238.0151110s2015 mx | |sm |||||||spa d a108413 a109385 cCHAP aTesis1 aMéndez Lugo, Edith Adriana912996810aIdentificación y caracterización de enfermedades fungosas en vivero con Pinus spp. en las Choapas, Veracruzh[En línea]cpor Edith Adriana Méndez Lugo y José Roberto Merino González. aChapingo, Méx. :bEl autor,c2015. aPara ver el contenido del material haga clic en la liga aTesis (Ing. Agr. Esp. en Parasitología Agrícola) -- UACH. Departamento Parasitología Agrícola aE5652GLJb05c20151110lUCH01h1305 aE5652GLJb05c20151110lUCH01h1305 aE5652GLJb05c20151110lUCH01h131114aFusarium.94408214aHongosxIdentificación.95610514aPinus elliottii.98833514aPlántulasxEnfermedades.91258341 aMerino González, José Roberto9129969 aFinding aiduhttp://10.13.5.2/tesis/sist111952.pdfzTeclea aquí aBK cTESIS n0 c108413d108413 00104054718TESISaBCbBCd2015-11-10fTESISl0oTesisp33724002510462r2019-12-31 00:00:00w2019-12-31yTESISzRecien adquirido 00102local4053708TESISaBCbBCcPA_TESISd2015-11-10fTESISl0oTesisp33724002510504r2019-12-31 00:00:00tc.2w2019-12-31yTESIS